Boletín CELA /
Gardado en:
| Autor Corporativo: | |
|---|---|
| Formato: | Libro |
| Idioma: | Spanish |
| Publicado: |
México, D. F.:
CELA
|
| Materias: | |
| Etiquetas: |
Engadir etiqueta
Sen Etiquetas, Sexa o primeiro en etiquetar este rexistro!
|
MARC
| LEADER | 00000nam a22000007a 4500 | ||
|---|---|---|---|
| 003 | cru CIDCACS/IIS | ||
| 005 | 20201113113032.0 | ||
| 008 | 201113n mx |||p|r||||||0| ||spa|d | ||
| 999 | |c 43508 |d 43508 | ||
| 040 | |c CRAI/IIS | ||
| 090 | |a REV0077 | ||
| 110 | 2 | |9 8199 |a Centro de Estudios Latinoamericanos (CELA) | |
| 245 | 1 | |a Boletín CELA / |c Centro de Estudios Latinoamericanos. Facultad de Ciencias Políticas y Sociales. Universidad Nacional Autónoma de México | |
| 260 | |a México, D. F.: |b CELA | ||
| 270 | |e Apdo. 70-266 México 20, D.F | ||
| 500 | |a EXISTENCIAS : 1977/1978 (1) 1979 (3, 6) | ||
| 650 | 4 | |9 2646 |a RELACIONES INTERNACIONALES | |
| 650 | 4 | |9 1934 |a MILITARISMO | |
| 650 | 4 | |9 3217 |a PROBLEMAS POLITICOS | |
| 942 | |2 ddc |c PP | ||
